00714nam a22002177a 4500003001100000005001700011008004100028020001800069040003900087041000800126082001600134245005600150260004900206300002000255650002900275650003900304650004000343942000700383952009100390999001500481LK-CoMWRAF20231122132134.0230930b2011 |||||||| |||| 00| 0 eng d a9789558610510 aLK-CoMWRAFdLK-CoMWRAFeLK-CoMWRAF aeng a305.42bCEN aCEDAW commitments: ba progress review : Sri Lanka aColombo:bCentre for Women's Research,c2011 av, 186 p. 23cm. aWOMEN'S RIGHTS-Sri Lanka aWomen-Government policy-Sri Lanka aWomen-Legal status, laws,-Sri Lanka cBK 00104070aMAINbMAINd2023-09-30l0o305.42 CENpRAF1552r2023-09-30w2023-09-30yBK c3759d3759